000 00685nam a22002297a 4500
003 UA-OsUOA
001 60741
007 ta
008 20090603b un ||||| |||| 00| 0 ukr d
090 _a82-193.6
_bБ87
942 _cBK
040 _aUA-OsUOA
_bukr
_cUA-OsUOA
_dUA-OsUOA
245 _aБрама святого Івана. Перемиська барокова епітафія
_cПилипович В., Пилипович Д.
300 _a112 с.
955 _a2
041 _aukr
080 _a82-193.6
020 _a83-914404-7-8
260 _aПеремишль
_c2005
650 7 _a82 Література. Літературознавство
_2UDC
999 _c346670
_d346670